000 00496nam a22001817a 4500
005 20260318123008.0
008 260318b |||||||| |||| 00| 0 eng d
037 _cDSWL
040 _aDSWL
_cDSWL
041 _heng
100 _aLumsden, Gay
_91132449
245 _aCommunicating in groups and terms
260 _aBelmont,
_bWadsworth Publication,
_c1977
300 _a435p
700 _aD Lumsden
_91132450
942 _2CC
_cTEXL
_n0
999 _c1715686
_d1715686